000 00419nam a2200169Ia 4500
003 OSt
005 20230527102003.0
008 210423s2005 xx 000 0 und d
040 _cAL
082 _a155.4
_223
_b SINC
100 _aSINGH (Nishanth)
_9115180
245 _aChild psychology.
260 _aNew Delhi
_bRadha Publications
_c2005
365 _b650
_cINR
906 _aChild ; psychology.
942 _2ddc
_cBK
999 _c174358
_d174358